Quizzes
Events
Quiz Creation
Community
Videos
Private Events
Remove Ads
Sign In
Join for FREE
Feedback
Dark Mode
Quiz Categories
Sports
Geography
Music
Movies
Television
Just For Fun
Miscellaneous
History
Literature
Language
Science
Gaming
Entertainment
Religion
Holiday
For Kids
Quiz Lab
Recent
Popular Today
Quiz Kudos Today
Editor Picks
Curator Picks
Quizzes by...
Day
Popularity
Type
Ratings
Length
Year
Community
Subscriptions
Recent Discussions
Orange Saloon
Badges
Playlists
Quests
Create
Leaderboards
Showdown
Live 5
Trivia Bingo
Activity
Puzzle Library
Sporcle Events
Private Events
Virtual Trivia
Globe League
Become a Host
Pub Owners
SporcleCon
Opinionation
Our Games
Videos
Blog
Mobile Apps
Partnerships
Remove Ads and Go Orange
Feedback
Television
TV Characters
TV Show
Sitcom
Network
Friends
Reality Shows
Cast
South Park
Star Trek
The Simpsons
Doctor Who
Television
TV Characters
TV Show
Sitcom
Network
Friends
Reality Shows
Cast
South Park
Star Trek
The Simpsons
Doctor Who
Random Quiz
Search Sporcle
×
Quiz Lab
Quiz Lab
Television
episode
Type in answers that appear in a list
Type in answers that appear in a list
Classic
Best Score? Go Orange.
Garfield and Friends: Episodes Stats
Can you name the syndicated Garfield and Friends episodes starring Garfield?
By
cousinkevin13
18m
146 Questions
109 Plays
109 Plays
109 Plays
Comments
Comments
Give Quiz Kudos
Give Quiz Kudos
-
- Ratings
hide this ad
Replay
Link that replays current quiz
Next Quiz
Link to next quiz in quiz playlist
You Got
0%
They Got
Avg Score
39%
Avg Friend Score
Upgrade to see
Score Distribution
Jump to the score distribution portion of the page
Score
0/146
Timer
18:00
0
Plays Today
U.S. Acres/Orson's Farm Episode
Garfield Episode
% Correct
Wanted: Wade
Peace & Quiet
76.1%
Wanted: Wade
Garfield Goes Hawaiian
73.4%
Unidentified Flying Orson
Box O' Fun
69.7%
Sleepytime Pig
The Lasagna Zone
68.8%
First Aid Wade
Robodie
64.2%
Scrambled Eggs
Hansel and Garfield
62.4%
Sleepytime Pig
Yojumbo
62.4%
Grabbity
Rip Van Kitty
61.5%
Unidentified Flying Orson
School Daze
57.8%
Banana Nose
Ode to Odie
57.8%
Fortune Kooky
The Sludge Monster
57.8%
Read Alert
Hound of the Arbuckles
57.8%
Show Stoppers
Binky Gets Cancelled!
56.9%
No Laughing Matter
Maine Course
56.9%
Shell Shocked Sheldon
Nothing to Sneeze At
56%
Quack to the Future
Odielocks and the Three Cats
55%
Little Red Riding Egg
T.V. of Tomorrow
54.1%
Shell Shocked Sheldon
Fraidy Cat
53.2%
Fortune Kooky
Heatwave Holiday
53.2%
The Worm Turns
Weighty Problem
52.3%
Banana Nose
Nighty Nightmare
51.4%
Wade, You're Afraid
Garfield's Moving Experience
51.4%
Cock-
A-
Doodle Duel
Cinderella Cat
51.4%
Mystery Guest
Count Lasagna
51.4%
Wade, You're Afraid
Good Mousekeeping
49.5%
Return of Power Pig
Cabin Fever
49.5%
Scrambled Eggs
The Great Getaway
49.5%
Show Stoppers
Cutie and the Beast
49.5%
Return of Power Pig
Fair Exchange
48.6%
Flop Goes the Weasel
Mystic Manor
48.6%
Cock-
A-
Doodle Duel
Astro Cat
48.6%
For Butter or Worse
Robodie II
48.6%
The Worm Turns
Good Cat, Bad Cat
47.7%
Keeping Cool
Don't Move!
47.7%
Hamelot
First Class Feline
47.7%
Cock-
A-
Doodle Dandy
China Cat
47.7%
Election Daze
Star Struck
47.7%
Dr. Jekyll & Mr. Wade
Squeak Previews
47.7%
No Laughing Matter
Attack of the Mutant Guppies
46.8%
The Bunny Rabbits is Coming!
Skyway Robbery
46.8%
Double Oh Orson
The Legend of the Lake
45.9%
Shelf Esteem
Housebreak Hotel
45.9%
Read Alert
Urban Arbuckle
45.9%
Dr. Jekyll & Mr. Wade
A Tall Tale
45.9%
Goody-
Go-
Round
The Black Book
45%
Little Red Riding Egg
Well-Fed Feline
45%
Shelf Esteem
Invasion of the Big Robots
45%
Double Oh Orson
Health Feud
44%
Rooster Revenge
Pros and Cons
44%
U.S. Acres/Orson's Farm Episode
Garfield Episode
% Correct
Cock-
A-
Doodle Dandy
Beach Blanket Bonzo
44%
Keeping Cool
The Binky Show
43.1%
Grabbity
The Big Catnap
42.2%
Hogcules
Polecat Flats
42.2%
Hamelot
How to Be Funny
42.2%
Flop Goes the Weasel
The Legend of Long Jon
42.2%
Peanut-
Brained Rooster
The Mail Animal
42.2%
The Bunny Rabbits is Coming!
Close Encounters of the Garfield Kind
42.2%
Cornfinger
Five Minute Warning
42.2%
The Orson Awards
Wonderful World
42.2%
Short Story
Magic Mutt
41.3%
I Like Having You Around!
Forget Me Not
41.3%
Rooster Revenge
Lights! Camera! Garfield!
41.3%
Hogcules
Brain Boy
41.3%
Hog Noon
Lemon Aid
41.3%
Hog Noon
Video Airlines
41.3%
Peanut-
Brained Rooster
Mummy Dearest
41.3%
Shy Fly Guy
Green Thumbs Down
40.4%
Short Story
Monday Misery
39.4%
Shy Fly Guy
Caped Avenger
39.4%
Origin of Power Pig!
Cactus Jake Rides Again
39.4%
The Bad Sport
Up a Tree
38.5%
The Impractical Joker
Pest of a Guest
38.5%
Caverns of Cocoa
Dream Date
38.5%
Goody-
Go-
Round
One Good Fern Deserves Another
37.6%
Orson Goes on Vacation
Twice Told Tale
37.6%
Orson's Diner
Binky Gets Cancelled, Again!
37.6%
First Aid Wade
Video Victim
36.7%
Orson Goes on Vacation
Wedding Bell Blues
36.7%
Caverns of Cocoa
Cute For Loot
36.7%
Barn of Fear
Binky Goes Bad!
35.8%
Mystery Guest
Rodent Rampage
35.8%
Cornfinger
D.J. Jon
35.8%
The Bad Sport
Identity Crisis
34.9%
National Tapioca Pudding Day
Best of Breed
34.9%
National Tapioca Pudding Day
All About Odie
34.9%
I Like Having You Around!
Sales Resistance
34.9%
Origin of Power Pig!
Basket Brawl
34.9%
Mud Sweet Mud
The Curse of the Klopman
33.9%
Mud Sweet Mud
Rainy Day Dreams
33.9%
Barn of Fear
Mini-Mall Matters
33.9%
Swine Trek
Attention Getting Garfield
33.9%
Hogcules II
Cactus Makes Perfect
33.9%
Much Ado About Lanolin
Return of the Buddy Bears
33.9%
The Well Dweller
Mistakes Will Happen
33.9%
The Impractical Joker
Fat & Furry
33%
Swine Trek
It Must Be True!
33%
Orson's Diner
Flat Tired
33%
For Butter or Worse
Annoying Things
33%
U.S. Acres/Orson's Farm Episode
Garfield Episode
% Correct
Rainy Day Robot
Home Away From Home
33%
Once Upon a Time Warp
Bride and Broom
33%
Secrets of the Animated Cartoon
Clean Sweep
32.1%
Big Bad Buddy Bird
Moo Cow Mutt
32.1%
Nothing to Be Afraid Of
The Bear Facts
31.2%
Ben Hog
Fit For a King
31.2%
An Egg-
Citing Story
Supermarket Mania
31.2%
The Name Game
Country Cousin
31.2%
Make Believe Moon
The Creature That Lived in the Refrigerator, Behind the Mayonnaise, Next to the Ketchup, and to the Left of the Coleslaw
31.2%
Gort Goes Good
Feeling Feline
30.3%
Quack to the Future
Beddy Buy
30.3%
Rainy Day Robot
Odie the Amazing
30.3%
The Bo Show
The Kitty Council
30.3%
Ben Hog
Dessert in the Desert
29.4%
The Legal Eagle
Feline Felon
29.4%
Orson in Wonderland
Stick To It
29.4%
Orson in Wonderland
For Cats Only
29.4%
The Wolf Who Cried Boy
Day of Doom
29.4%
The Name Game
The Carnival Curse
29.4%
Make Believe Moon
Canvas Back Cat
29.4%
Hogcules II
Crime and Nourishment
28.4%
Much Ado About Lanolin
Reigning Cats and Dogs
28.4%
The Well Dweller
The Wise Man
28.4%
An Egg-
Citing Story
Trial and Error
28.4%
Forget-
Me-
Not Newton
Home Sweet Swindler
28.4%
Once Upon a Time Warp
Airborne Odie
28.4%
Nothing to Be Afraid Of
The Big Talker
27.5%
Barn of Fear II
Ship Shape
27.5%
Barn of Fear II
Break-A-Leg
27.5%
Secrets of the Animated Cartoon
How the West Was Lost
27.5%
The Orson Awards
The Garfield Workout
27.5%
Robin Hog
All Things Fat and Small
27.5%
Birthday Boy Roy
The Legend of Cactus Jupiter
27.5%
The Ugly Duckling
Bouncing Baby Blues
27.5%
The Wolf Who Cried Boy
Taste Makes Waist
27.5%
Bad Time Story
Renewed Terror
27.5%
Stark Raven Mad
The Record Breaker
27.5%
The Legal Eagle
The Cactus Saga
26.6%
Robin Hog
Hare Replacement
26.6%
Election Daze
Dirty Business
26.6%
Birthday Boy Roy
Jukebox Jon
26.6%
Big Bad Buddy Bird
Angel Puss
26.6%
The Ugly Duckling
Learning Lessons
26.6%
Forget-
Me-
Not Newton
The Great Inventor
26.6%
Bad Time Story
Tooth or Dare
26.6%
Stark Raven Mad
The First Annual Garfield Watchers Test
26.6%
The Bo Show
Bad Neighbor Policy
25.7%
Gort Goes Good
Arriverderci, Odie!
22%
Quiz Playlist
Details
Report
Send in Message
Add To Playlist
Classic:
Type in answers that appear in a list
Last Updated: Feb 16, 2017
Quiz Scoreboard
CHALLENGE
Sign Up to Join the Scoreboard
Show All
Scores
Hide
Comments
May contain spoilers
Recently Published
9x9 Crossword: Cartoon Network
by jackfrog10
Miscellaneous
3m
College Basketball Coaching Resumes
by pancakes188
Sports
9m
Billboard Blitz: Fleetwood Mac
by CooCooCachoo
Music
15s
More to Explore
Quiz From the Vault
Featured Blog Post
Where Did the Easter Bunny Come From?
hide this ad
You Might Also Like...
Tags
Acre
episode
farm
garfield
orson
Starring
Syndicated
Today's Top Quizzes in Television
Browse Television
hide this ad
Today's Top Quizzes in episode
Browse episode
Top Contributed Quizzes in Television
1
5-to-1: The Simpsons Families
2
5-to-1: Television Doctors
3
7-to-1: TV Show Settings
4
Adjectives in 00s TV Shows
5
Adjectives in 80s TV Shows
6
5-to-1: Streaming Originals
7
Adjectives in 10s TV Shows
8
Survivor Seasons
9
One Piece Logic Puzzle
10
All US Survivor Seasons in Order
Explore More
Trending Topics
Anime
Disney
Crossword
NBA
Harry Potter
Kpop
Marvel
The Office
NFL
Puzzle
Soccer
Song
Country
Pokémon
WWE
hide this ad
More By:
cousinkevin13
Quiz
Plays
Rating
Category
Featured
Created
Rock and Roll Hall of Fame by Song Clip
8,584
4.30
Music
Feb 25, 2010
Teenage Mutant Ninja Turtles
5,510
4.41
Entertainment
Feb 13, 2010
Al Bundy
1,601
3.33
Television
Mar 12, 2010
Rock and Roll Hall of Fame by Song Clip2
1,431
4.31
Music
Mar 1, 2010
90's Movie Quotes
1,355
4.50
Movies
Feb 11, 2011
Go to Creator's Profile
Score Distribution
Quiz Creator Spotlight
cousinkevin13
Follow
Send a Message
Quizzes Created
-
Created Quiz Play Count
-
More By This Creator
Popular Quizzes Today
1
Find the US States - No Outlines Minefield
2
Find the Countries of Europe - No Outlines Minefield
3
The Countries of the World
4
Find the US States
5
Risky Map Clicking: Biggest States A-Z
6
US States
7
Popular People in 1961
8
Movies - When Are They Set?
More Television Quizzes
Jughead's 'I'm Weird' Speech
Quiz Lab
Trending Quizzes
Risky Map Clicking: Least Populous States A-Z
1-10 Letter G Words
1-10 Letter F Words
Risky Map Clicking: Next State Alphabetically
Adjectives in 80s TV Shows
Recently Updated
Leaping Animals
pecheneg
Reality TV Shows (A-Z)
bhenderson79
Rickey Henderson's Hall of Fame Teammates
pecheneg
Champions League XIs: Arsenal
pecheneg
Quick Pick: Celebrities in WWE's Hall of Fame
aduchscher
A-Z Keypad Blitz II
pecheneg
Multiple Oscar Actors
pecheneg
Mystery Phrase Blitz: Oscar 'Best Actors'
pecheneg
F. Scott Fitzgerald Novels
LTH
Pick 3 Villains
ddd62291
Trending Topics
Harry Potter
Disney
Crossword
Anime
Kpop
Marvel
NBA
The Office
Puzzle
Country
Soccer
Pokémon
WWE
Song
NFL
Your Account Isn't Verified!
In order to create a playlist on Sporcle, you need to verify the email address you used during registration. Go to your
Sporcle Settings
to finish the process.
Report this User
Report this user for behavior that violates our
Community Guidelines
.
Details:
Send Report
Go to the Sporcle.com Mobile Site →
Comments